Informe sobre la situación de la población marroquí residente en Andalucía
Descripción Física:
61 pàgines ; 30 cm
Idioma:
Español
MARC
| LEADER | 00000nam a2200000 a 4500 | ||
|---|---|---|---|
| 001 | 26505 | ||
| 008 | 220819s2000 spa||||| |||| 00| 0 spa d | ||
| 080 | |a Bib-918 | ||
| 111 | |9 54240 |a Seminario Transnacional FSE Integra Rainbow |d (2000 : |c Granada, Andalusia) | ||
| 245 | 0 | 0 | |a Informe sobre la situación de la población marroquí residente en Andalucía |
| 260 | |a Granada? : |b [sense editorial], |c 2000 | ||
| 300 | |a 61 pàgines ; |c 30 cm | ||
| 500 | |a Ponència del Semani Transnacional FSE Integra Rainbow, celebrat al Palacio de Exposiciones y Congresos de Granada, el 28 i 29 d'abril de 2000 | ||
| 501 | |a Bibliograia: p. 60-61 | ||
| 650 | 0 | |9 54245 |a Marroquins |z Andalusia | |
| 650 | 0 | |a Marroquins |z Espanya |x Integració | |
| 650 | 0 | |a Congressos i conferències |9 48301 | |
| 710 | |9 53159 |a Barcelona (Catalunya : Província). |b Àrea de Serveis Socials | ||
| 942 | |2 udc |c ARXIU |n 1 | ||
| 952 | |0 0 |1 0 |4 0 |6 BIB918 |7 1 |9 63496 |a Arxiu |b Arxiu |d 2022-08-19 |l 0 |o Bib-918 |p 26505 |r 2022-08-19 00:00:00 |w 2022-08-19 |y ARXIU | ||
| 999 | |c 82611 |d 82611 | ||